|
|
|
|
| LEADER |
00000nam a22000007a 4500 |
| 005 |
20201211121317.0 |
| 007 |
cr|||| |||| |
| 008 |
201211s2020 co |||||s|||| 00||0 spa d |
| 020 |
|
|
|a 978-958-716-410-7
|
| 035 |
|
|
|a 32258
|
| 040 |
|
|
|a vLex
|
| 090 |
|
|
|c 10946
|d 10946
|
| 100 |
1 |
|
|a Vega Romero, Romǹ
|
| 245 |
1 |
0 |
|a Igualdad y diversidad
|h [Recurso electrn̤ico] :
|b Un enfoque crt̕ico de la justicia social en la salud /
|c Romǹ Vega Romero
|
| 256 |
|
|
|a Servicio en ln̕ea
|
| 260 |
|
|
|a Bogot:̀
|b Pontificia Universidad Javeriana,
|c 2020
|
| 300 |
|
|
|a 1 recurso electrn̤ico
|
| 506 |
1 |
|
|a Disponible solo en los productos indicados
|d vLex Global
|d vLex Global (Academic Edition, excluding Law Schools)
|d vLex Global (U.S. Academic Edition, Law Schools)
|d vLex Global (U.S. Academic Edition, excluding Law Schools)
|d vLex Global (Academic Edition, Law Schools)
|
| 650 |
0 |
4 |
|a Seguridad y Salud Laboral
|z Colombia
|
| 740 |
0 |
|
|a vLex Libros (Servicio en ln̕ea)
|
| 856 |
4 |
0 |
|u http://vlex.com/source/igualdad-y-diversidad-un-enfoque-critico-de-la-justicia-social-en-la-salud-32258
|z Acceso restringido
|
| 942 |
|
|
|c BOOK
|
| 999 |
0 |
|
|a Occupational Health & Safety
|